Elements of algebra : geometry, numbers, equations

Αποθηκεύτηκε σε:
Λεπτομέρειες βιβλιογραφικής εγγραφής
Κύριος συγγραφέας: Stillwell, John
Μορφή: Βιβλίο
Γλώσσα:English
Δημοσίευση: New York : Springer-Verlag, c1994
Σειρά:Undergraduate texts in mathematics
Θέματα:
Ετικέτες: Προσθήκη ετικέτας
Δεν υπάρχουν, Καταχωρήστε ετικέτα πρώτοι!

MARC

LEADER 00000nam a2200000 i 4500
001 1/90682
008 990930s1994 eng d
020 |a 0-387-94290-4 
035 |l 10053216 
040 |a GR-MY-UA  |b gre  |e aacr 
041 0 |a eng 
082 0 |a 512.02 
100 1 |a Stillwell, John. 
245 1 0 |a Elements of algebra :  |b geometry, numbers, equations /  |c John Stillwell 
260 |a New York :   |b Springer-Verlag,   |c c1994 
300 |a xi, 181 σ.;  |b εικ.;  |c 24 εκ. 
490 1 |a Undergraduate texts in mathematics 
504 |a Περιέχει βιβλιογραφικές αναφορές (σ. [162]-169) και ευρετήριο. 
650 0 0 |a Algebra. 
830 0 |a Undergraduate texts in mathematics 
852 |a INST  |b SAMOS  |e 19990930  |h 512.02 STI  |p 005300017085  |q 005300017085  |t BK  |y 0 
901 |a BIBL3-1999-3 
909 |a Σ  |b 067266 
922 |a 3ΕΛΗ  |b 199909  |c ΕΠΕΑΕΚ/ΜΑΘ  |d ΠΑΠΑΣΩΤΗΡΙΟΥ 
970 |a ΚΟΣΙΕΡΗΣ  |b ΧΡΗΣΤΟΣ  |z 1999/09/30